|
|
|
|
| LEADER |
01035nam a2200241 u 4500 |
| 001 |
10114688 |
| 003 |
upatras |
| 005 |
20210413111936.0 |
| 008 |
141222s2005 gr gre |
| 020 |
|
|
|a 9605700034
|
| 040 |
|
|
|a GR-PaULI
|c GR-PaULI
|
| 041 |
0 |
|
|a gre
|
| 082 |
1 |
4 |
|a 889.134
|2 23
|
| 100 |
1 |
|
|a Μωραΐτης, Ερωτόκριτος
|9 134842
|
| 245 |
1 |
0 |
|a Η πόλη των νεκρών
|c Ερωτόκριτος Μωρα΅ιτης
|
| 260 |
|
|
|a Κέρκυρα
|b Τυποεκδοτική
|c 2005
|
| 300 |
|
|
|a 81 σ.
|c 24 εκ.
|
| 500 |
|
|
|a Ιδιόχειρη αφιέρωση του συγγραφέα και σημειώσεις του δωρητή Θ. Κωσταβάρα
|
| 852 |
|
|
|a GR-PaULI
|b ΠΑΤΡΑ
|b ΒΚΠ
|b ΒΣ2
|k ΑΣΧΕ
|h 889.134 ΜΩΡ
|m 115910
|p 025000232627
|t 1
|
| 942 |
|
|
|2 ddc
|c BK15
|
| 952 |
|
|
|0 0
|1 0
|4 0
|6 889_134000000000000_ΜΩΡ
|7 0
|9 172220
|a LISP
|b LISP
|c BSC
|d 2016-04-24
|i 115910
|l 0
|o 889.134 ΜΩΡ
|p 025000232627
|r 2016-04-24 00:00:00
|t 1
|w 2016-04-24
|y BK15
|
| 998 |
|
|
|c ΓΚΟΓΚΟΥ
|d 2014-12
|
| 999 |
|
|
|c 107820
|d 107820
|